[Event "Frankfurt Ch 2010"]
[Site "Ffm-Kalbach, LAZ"]
[Date "2010.05.03"]
[Round "2.52"]
[White "Bitzer, André"]
[Black "Hartmann, Stephan"]
[Result "1-0"]
[WhiteElo "1720"]
[BlackElo "1406"]
[PlyCount "101"]
[EventDate "2010.??.??"]
[SourceDate "2009.03.13"]
[WhiteTeam "SV Griesheim(DA)"]
[BlackTeam "SG Turm Idstein"]

1. b3 e5 2. Bb2 Nc6 3. Nf3 d6 4. d4 exd4 5. Nxd4 Nxd4 6. Qxd4 Nf6 7. c4 Be7 8.
Nc3 O-O 9. e4 Nd7 10. Nd5 f6 11. O-O-O Nb6 12. Nxe7+ Qxe7 13. Bd3 Qe5 14. Qe3
Qe7 15. f4 Bg4 16. Rdg1 Rae8 17. Re1 Nd7 18. Kd2 Nc5 19. Bc2 Bd7 20. b4 Na4 21.
Ba3 Nb6 22. Bb3 Kh8 23. Qd4 Ba4 24. Re3 Bxb3 25. axb3 Rd8 26. Rhe1 Nd7 27. Kc2
Qe6 28. Bb2 Qg4 29. g3 a6 30. Rd3 Qg6 31. Qd5 b6 32. Qc6 b5 33. Qxc7 bxc4 34.
bxc4 Qf7 35. c5 Qc4+ 36. Bc3 Qa2+ 37. Kd1 Qb3+ 38. Ke2 Qc4 39. Kd2 Qa2+ 40. Ke3
Qxh2 41. Qxd6 Qxg3+ 42. Kd2 Qxd3+ 43. Kxd3 Nb8 44. e5 Rxd6+ 45. exd6 Kg8 46.
Kd4 Kf7 47. Re7+ Kg6 48. Kd5 h5 49. Be1 f5 50. c6 Kf6 51. Bh4+ 1-0

[Event "Frankfurt Ch 2010"]
[Site "Ffm-Kalbach, LAZ"]
[Date "2010.05.03"]
[Round "2.53"]
[White "Stulken, Dietmar"]
[Black "Bastian, Holger"]
[Result "0-1"]
[WhiteElo "1373"]
[BlackElo "1717"]
[PlyCount "119"]
[EventDate "2010.??.??"]
[SourceDate "2009.03.13"]
[WhiteTeam "SC Brett vor'm Kopp Ffm"]
[BlackTeam "SC S.-W. Schweinheim"]

1. e4 d6 2. d4 Nf6 3. Nc3 g6 4. Nf3 Bg7 5. Be2 O-O 6. O-O Nc6 7. d5 Nb8 8. Be3
c6 9. Qd2 Re8 10. h3 Nbd7 11. Rfe1 cxd5 12. exd5 Nc5 13. Bxc5 dxc5 14. Bc4 a6
15. a4 Qb6 16. b3 Bf5 17. Rad1 Qb4 18. Nb1 Qb6 19. Nc3 Rad8 20. Qc1 Bd7 21. Ne5
Bc8 22. Qe3 Rd6 23. Nd3 Ng4 24. Qd2 Nh6 25. Ne4 Rdd8 26. Ndxc5 Kh8 27. Nd3 f5
28. Ng5 Qc7 29. Nf4 Rd6 30. Nfe6 Bxe6 31. Nxe6 Qd7 32. Nxg7 Kxg7 33. Qd4+ Kg8
34. Qe3 Nf7 35. Qe6 Rxe6 36. dxe6 Qc7 37. exf7+ Kf8 38. fxe8=Q+ Kxe8 39. Re3 e5
40. Rd5 e4 41. Rd1 Qc5 42. Re2 Ke7 43. Red2 Kf6 44. Rd7 b5 45. axb5 axb5 46.
Bg8 e3 47. fxe3 Qxe3+ 48. Kf1 Qf4+ 49. Kg1 Qe4 50. c3 Qe3+ 51. Kh1 Qxc3 52.
R7d6+ Kg5 53. Rd7 h6 54. Rd8 f4 55. R8d5+ Kh4 56. Rxb5 f3 57. Rbd5 fxg2+ 58.
Kg1 Qe3+ 59. Kxg2 Qxh3+ 60. Kf2 {ZÜ} 0-1

[Event "Frankfurt Ch 2010"]
[Site "Ffm-Kalbach, LAZ"]
[Date "2010.05.03"]
[Round "2.55"]
[White "Lopez-Fuertes, Victor"]
[Black "Krischak, Werner"]
[Result "0-1"]
[WhiteElo "1334"]
[BlackElo "1827"]
[PlyCount "106"]
[EventDate "2010.??.??"]
[SourceDate "2009.03.13"]
[WhiteTeam "SC 1910 Höchst"]
[BlackTeam "SK Marburg 1931/72"]

1. e4 c6 2. d4 d5 3. Nc3 dxe4 4. Nxe4 Bf5 5. Ng3 Bg6 6. h4 h6 7. h5 Bh7 8. Nf3
Nd7 9. Bd3 Bxd3 10. Qxd3 e6 11. Bf4 Qa5+ 12. Bd2 Qc7 13. O-O-O Ngf6 14. Ne4
O-O-O 15. Qe2 Kb8 16. Kb1 Ka8 17. Nc3 Bd6 18. Rhe1 Nxh5 19. Ne5 Bxe5 20. dxe5
g6 21. g4 Ng7 22. f4 h5 23. Rh1 hxg4 24. Qxg4 Nf5 25. Ne4 Qb6 26. Nd6 Nxd6 27.
exd6 Rxh1 28. Rxh1 Nf6 29. Qg3 Ne4 30. Qe1 Nxd2+ 31. Qxd2 Qc5 32. a3 a6 33. d7
Qd5 34. Qe1 Rxd7 35. Rh7 Qf3 36. Qb4 Qd1+ 37. Ka2 Qd5+ 38. c4 Qf5 39. Qb6 Qf6
40. b4 e5 41. Qe3 exf4 42. Qe8+ Qd8 43. Qe5 Qc7 44. Qe8+ Ka7 45. Rh8 c5 46.
Qa8+ Kb6 47. Rc8 Qe5 48. bxc5+ Ka5 49. Rd8 Qe2+ 50. Kb3 Qd3+ 51. Kb2 Rxd8 52.
Qxb7 Qe2+ 53. Kc3 Rd3# 0-1

[Event "Frankfurt Ch 2010"]
[Site "Ffm-Kalbach, LAZ"]
[Date "2010.05.03"]
[Round "2.56"]
[White "Cipca, Adrian"]
[Black "Willenbring, Jens-Dirk"]
[Result "1-0"]
[WhiteElo "1689"]
[BlackElo "1397"]
[PlyCount "65"]
[EventDate "2010.??.??"]
[SourceDate "2009.03.13"]
[WhiteTeam "SK Bad Homburg 1927"]
[BlackTeam "Bad Vilbeler Sfr.1985"]

1. e4 e6 2. d4 d5 3. Nd2 dxe4 4. Nxe4 Nc6 5. Nf3 Nf6 6. Nxf6+ Qxf6 7. Bg5 Qf5
8. Qd2 h6 9. Bf4 Bd6 10. Bxd6 cxd6 11. Bd3 Qf6 12. c3 O-O 13. O-O Bd7 14. Bc2
Ne7 15. Rfe1 Bc6 16. Be4 Bxe4 17. Rxe4 Ng6 18. h4 Qd8 19. h5 Ne7 20. Rg4 Nf5
21. Qf4 Kh8 22. Re1 Rc8 23. d5 Qf6 24. dxe6 fxe6 25. Rg6 e5 26. Qe4 Qe7 27. Rd1
Rc6 28. Qc2 Qd8 29. Nxe5 Rc5 30. Re6 Rf6 31. Rxf6 Rxe5 32. Rxf5 Rxf5 33. Qxf5
1-0

[Event "Frankfurt Ch 2010"]
[Site "Ffm-Kalbach, LAZ"]
[Date "2010.05.03"]
[Round "2.57"]
[White "Slobodetski, Oleg"]
[Black "Budde, Michael"]
[Result "1-0"]
[WhiteElo "1287"]
[BlackElo "1688"]
[PlyCount "95"]
[EventDate "2010.??.??"]
[SourceDate "2009.03.13"]
[WhiteTeam "SV KS 1929 Großauheim"]
[BlackTeam "SC 1979 Hattersheim"]

1. e4 c5 2. Nf3 Nc6 3. d4 cxd4 4. Nxd4 e5 5. Nb5 d6 6. c4 a6 7. N5a3 Nf6 8. Nc3
Be7 9. Nc2 O-O 10. Bd3 Bg4 11. Qd2 Nh5 12. Nd5 Be6 13. O-O h6 14. Qe2 Nf6 15.
b4 Bg4 16. Nxf6+ Bxf6 17. Qxg4 Kh7 18. Bd2 Ne7 19. f4 Ng6 20. a4 exf4 21. Rae1
Ne5 22. Qe2 Bh4 23. Ra1 g5 24. Bc3 Qd7 25. h3 f3 26. gxf3 Qxh3 27. Bxe5 dxe5
28. Qg2 Qe6 29. Ne3 Qb6 30. Qd2 Qd4 31. Kg2 Rad8 32. Nd5 g4 33. fxg4 f5 34.
gxf5 Rg8+ 35. Kh3 Bg5 36. Qe2 Rg7 37. Rad1 Rdg8 38. f6 Rf7 39. Qf3 Qa7 40. c5
Qb8 41. Qf5+ Kh8 42. Be2 h5 43. Bxh5 Rh7 44. Kg4 Bxf6+ 45. Bg6 Rxg6+ 46. Qxg6
Rg7 47. Rh1+ Kg8 48. Nxf6+ 1-0

[Event "Frankfurt Ch 2010"]
[Site "Ffm-Kalbach, LAZ"]
[Date "2010.05.03"]
[Round "2.58"]
[White "Bittner, Peter"]
[Black "Kümmel, Werner"]
[Result "0-1"]
[WhiteElo "1967"]
[BlackElo "1279"]
[PlyCount "72"]
[EventDate "2010.??.??"]
[SourceDate "2009.03.13"]
[WhiteTeam "SC Brett vor'm Kopp Ffm"]
[BlackTeam "SC Bad Soden"]

1. e4 c5 2. Nf3 Nc6 3. c3 d6 4. d4 cxd4 5. cxd4 Nf6 6. Nc3 g6 7. d5 Ne5 8. Nxe5
dxe5 9. Bc4 a6 10. a4 Bg7 11. O-O O-O 12. b3 Nh5 13. g3 Bh3 14. Re1 Qd7 15. Be2
f5 16. Bxh5 gxh5 17. Ba3 Bg4 18. f3 Bh3 19. d6 exd6 20. Nd5 Rad8 21. Rc1 f4 22.
Rc7 Qe6 23. Qe2 fxg3 24. hxg3 Rf7 25. Rec1 Rdf8 26. R1c3 Kh8 27. Bc1 Qg6 28.
Kh2 Be6 29. Rxf7 Qxf7 30. Rd3 b5 31. Ba3 h4 32. g4 Bxd5 33. exd5 Qf4+ 34. Kh1
b4 35. Bb2 h3 36. Qe1 Kg8 {Rest unklar!} 0-1

[Event "Frankfurt Ch 2010"]
[Site "Ffm-Kalbach, LAZ"]
[Date "2010.05.03"]
[Round "2.59"]
[White "Leßmann, Sven"]
[Black "Bender, Manfred"]
[Result "0-1"]
[WhiteElo "1265"]
[BlackElo "1821"]
[PlyCount "56"]
[EventDate "2010.??.??"]
[SourceDate "2009.03.13"]
[WhiteTeam "SC Bad Soden"]
[BlackTeam "Sfr. Taunus"]

1. c4 g6 2. Nc3 Bg7 3. g3 c6 4. Bg2 Nf6 5. Nf3 d5 6. cxd5 cxd5 7. d4 O-O 8. O-O
Nc6 9. Re1 a6 10. e4 dxe4 11. Nxe4 Bg4 12. Nxf6+ Bxf6 13. d5 Ne5 14. Bf4 Nc4
15. Rc1 Nxb2 16. Qb3 b5 17. Rc7 Nc4 18. Rd1 g5 19. d6 gxf4 20. dxe7 Qxc7 21.
exf8=Q+ Rxf8 22. Rc1 Qd6 23. Rd1 Qe6 24. Re1 Qf5 25. h4 fxg3 26. fxg3 Bxf3 27.
Bxf3 Nd2 28. Bg4 Qxg4 0-1

[Event "Frankfurt Ch 2010"]
[Site "Ffm-Kalbach, LAZ"]
[Date "2010.05.03"]
[Round "2.60"]
[White "Rauscher, Joachim"]
[Black "Miller, Justin"]
[Result "1-0"]
[WhiteElo "1651"]
[BlackElo "1311"]
[PlyCount "83"]
[EventDate "2010.??.??"]
[SourceDate "2009.03.13"]
[WhiteTeam "SC Brett vor'm Kopp Ffm"]
[BlackTeam "Sfr.1932 Kelkheim"]

1. e4 c6 2. d4 d5 3. Nc3 dxe4 4. Nxe4 Nd7 5. Nf3 Ngf6 6. Nc3 Qc7 7. Bc4 e6 8.
O-O Bd6 9. h3 O-O 10. Re1 b5 11. Bb3 Bb7 12. a3 a6 13. Bg5 Rfd8 14. Ne4 Be7 15.
Qe2 c5 16. Nxf6+ Bxf6 17. Bxf6 Nxf6 18. dxc5 Qxc5 19. Rad1 Ne4 20. c3 Nd6 21.
Bc2 Nc4 22. b4 Qc6 23. Ra1 Nb6 24. Qe5 Rd5 25. Qg3 Qxc3 26. Bxh7+ Kf8 27. Be4
Rd7 28. Bxb7 Rxb7 29. Qd6+ Kg8 30. Ne5 Qc7 31. Qd1 Rd8 32. Qg4 Nd5 33. Rac1 Qb6
34. Rc6 Qa7 35. Rec1 Ne7 36. R6c5 Qb6 37. Qf3 Nd5 38. Rc8 Rf8 39. R1c6 Qa7 40.
Rxf8+ Kxf8 41. Rc8+ Ke7 42. Nc6+ 1-0

[Event "Frankfurt Ch 2010"]
[Site "Ffm-Kalbach, LAZ"]
[Date "2010.05.03"]
[Round "2.61"]
[White "Velkina, Elina"]
[Black "Jordake, Michael"]
[Result "0-1"]
[WhiteElo "1219"]
[BlackElo "1643"]
[PlyCount "34"]
[EventDate "2010.??.??"]
[SourceDate "2009.03.13"]
[WhiteTeam "SK 1858 Gießen"]
[BlackTeam "SC Bergen-Enkheim 1922"]

1. e4 e5 2. f4 Bc5 3. Nf3 d6 4. Bc4 Nc6 5. Nc3 a6 6. d3 Bg4 7. h3 Bxf3 8. Qxf3
Nd4 9. Qf2 b5 10. Bd5 c6 11. Bxf7+ Kxf7 12. fxe5+ Ke8 13. Rf1 Ne7 14. Qf7+ Kd7
15. Rf2 Rf8 16. Qxg7 Rxf2 17. Kxf2 Ndf5+ 0-1

[Event "Frankfurt Ch 2010"]
[Site "Ffm-Kalbach, LAZ"]
[Date "2010.05.03"]
[Round "2.62"]
[White "Waschke, Thomas"]
[Black "Henrich, Gerhard"]
[Result "1-0"]
[WhiteElo "1641"]
[BlackElo "1120"]
[PlyCount "107"]
[EventDate "2010.??.??"]
[SourceDate "2009.03.13"]
[WhiteTeam "SC Bergen-Enkheim 1922"]
[BlackTeam "SV 1920 Hofheim"]

1. e4 e5 2. Nf3 Nf6 3. Nxe5 d6 4. Nf3 Nxe4 5. Qe2 Qe7 6. d3 Nf6 7. Bg5 Qxe2+ 8.
Bxe2 Be7 9. O-O O-O 10. Nc3 c6 11. Nd4 Re8 12. Rfe1 Bd7 13. Bf3 Na6 14. Re2 h6
15. Bd2 Nc7 16. Rae1 Ne6 17. Nb3 Rab8 18. d4 d5 19. g3 Bd6 20. Bg2 a6 21. Nd1
b6 22. Ne3 Bc7 23. c4 dxc4 24. Nxc4 a5 25. Ne5 Bxe5 26. dxe5 Nd5 27. Re4 c5 28.
f4 Nb4 29. Bxb4 axb4 30. Bh3 Bc6 31. R4e2 Rbd8 32. f5 Ng5 33. Bg2 Bxg2 34. Kxg2
Kf8 35. h4 Nh7 36. g4 c4 37. Nd2 c3 38. bxc3 bxc3 39. Nf3 Rc8 40. Rc2 f6 41. e6
b5 42. Rb1 Rc5 43. Kg3 Rb8 44. Rb4 Ke7 45. a4 Nf8 46. axb5 Rcxb5 47. Rxb5 Rxb5
48. Rxc3 g6 49. Rc7+ Ke8 50. Nd4 Rd5 51. Nc6 Rd3+ 52. Kf2 Rd2+ 53. Ke3 Rd6 54.
Re7# 1-0

[Event "Frankfurt Ch 2010"]
[Site "Ffm-Kalbach, LAZ"]
[Date "2010.05.03"]
[Round "2.63"]
[White "Diener, Carolin"]
[Black "Schellen, Sven"]
[Result "0-1"]
[WhiteElo "1197"]
[BlackElo "1633"]
[PlyCount "62"]
[EventDate "2010.??.??"]
[SourceDate "2009.03.13"]
[WhiteTeam "TuS Makkabi Ffm"]
[BlackTeam "Sfr. Frankfurt 1921"]

1. e4 c6 2. d4 d5 3. f3 dxe4 4. fxe4 e5 5. Nf3 Bg4 6. Be3 Bxf3 7. gxf3 Nd7 8.
Nc3 Ngf6 9. Qd2 Qc7 10. Bc4 exd4 11. Bxd4 O-O-O 12. O-O-O Bd6 13. Bxa7 Bf4 14.
Be3 Ne5 15. Bxf4 Rxd2 16. Rxd2 Rf8 17. Be2 Qe7 18. Rg1 Nh5 19. Bxe5 Qxe5 20.
Bc4 Qf4 21. Rf1 Rd8 22. Rff2 Qe3 23. Nd1 Qf4 24. Nc3 f5 25. Be6+ Kc7 26. Bxf5
g6 27. Be6 b5 28. Kd1 Rxd2+ 29. Rxd2 Qxf3+ 30. Kc1 Qf4 31. Kd1 Qf1# 0-1

[Event "Frankfurt Ch 2010"]
[Site "Ffm-Kalbach, LAZ"]
[Date "2010.05.03"]
[Round "2.65"]
[White "Gläser, Michael"]
[Black "Abrahamyan, Arsen"]
[Result "0-1"]
[WhiteElo "1165"]
[BlackElo "1664"]
[PlyCount "84"]
[EventDate "2010.??.??"]
[SourceDate "2009.03.13"]
[WhiteTeam "TSG Nieder-Erlenbach 1888"]
[BlackTeam "Frankfurter TV 1860"]

1. d4 Nf6 2. Nc3 g6 3. e4 d6 4. f4 Bg7 5. Nf3 O-O 6. e5 dxe5 7. fxe5 Nd5 8. Bd2
Nc6 9. a3 Bg4 10. Be2 Nxc3 11. Bxc3 e6 12. O-O Ne7 13. Ng5 Bxe2 14. Qxe2 Nf5
15. Qg4 h6 16. Nxf7 Kxf7 17. Rf3 h5 18. Qe4 Qd5 19. Qxd5 exd5 20. Re1 Ke6 21.
b4 Bh6 22. Kh1 Rf7 23. b5 Rg8 24. a4 g5 25. h3 g4 26. hxg4 hxg4 27. Rd3 Rh8 28.
g3 Bd2+ 29. Kg2 Bxe1 30. Bxe1 Rfh7 31. Kf2 Rh2+ 32. Kf1 Rxc2 33. Rd2 Rh1+ 34.
Ke2 Rxd2+ 35. Kxd2 Nxd4 36. Bf2 Kxe5 37. Bxd4+ Kxd4 38. Ke2 Rh2+ 39. Kf1 Ke3
40. Kg1 Rd2 41. a5 Kf3 42. b6 axb6 0-1

[Event "Frankfurt Ch 2010"]
[Site "Ffm-Kalbach, LAZ"]
[Date "2010.05.03"]
[Round "2.67"]
[White "Urbach, Jens"]
[Black "Dages, Rolf Hermann"]
[Result "0-1"]
[WhiteElo "927"]
[BlackElo "1600"]
[PlyCount "56"]
[EventDate "2010.??.??"]
[SourceDate "2009.03.13"]
[WhiteTeam "SC 1934 Gelnhausen"]
[BlackTeam "SC Eschborn 1974"]

1. e4 e5 2. Bc4 Nf6 3. d3 Nc6 4. c3 Na5 5. b3 c6 6. d4 Nxc4 7. bxc4 Nxe4 8. Qe2
d5 9. dxe5 Bc5 10. Be3 Qb6 11. Bxc5 Qxc5 12. f3 Ng5 13. h4 Ne6 14. Nd2 Nf4 15.
Nb3 Qe7 16. Qd2 Qxe5+ 17. Kf1 O-O 18. Re1 Qf6 19. g3 Nh5 20. Qg5 Qxg5 21. hxg5
Nxg3+ 22. Kg2 Nxh1 23. Kxh1 Be6 24. cxd5 Bxd5 25. Nc1 Rfe8 26. Rxe8+ Rxe8 27.
a4 Re1 28. Nce2 Bxf3+ 0-1